| 000 | 00449nam a2200181Ia 4500 | ||
|---|---|---|---|
| 001 | 20122 | ||
| 003 | IN-NITTTR | ||
| 005 | 20251114233231.0 | ||
| 008 | 251113s9999||||xx |||||||||||||| ||eng|| | ||
| 040 | _beng | ||
| 040 | _cIN-NITTTR | ||
| 041 | _aeng | ||
| 082 | _a668.42 G459I | ||
| 100 | _aGlanvill, A. B. | ||
| 245 | 0 |
_aInjection- mould design fundamentals. / _cGlanvill, A. B., Denton, E. N. |
|
| 700 | _a Denton, E. N. | ||
| 942 |
_2ddc _cBK |
||
| 999 |
_c22756 _d22756 |
||